000 00873cam a2200229 4500
001 WS107642
008 000000n 000 0 eng u
035 _a(Sirsi) u107642
110 _aBritish Geological Survey
_91581
245 _aBritish Geological Survey
520 _aGood institutional site covering details of products and services including building stone services for construction and conservation, the address linked geological inventory and the lexicon of named rock units.
650 _aBUILT ENVIRONMENT-BUILDING MATERIALS-STONE
650 _aGEOLOGY
650 _aADDRESS LINKED GEOLOGICAL INVENTORY
650 _aALGI
650 _aRADON
650 _aEnvironment
_96238
650 0 _aRADON PROTECTION MEASURES
690 _aMINING AND MINERALS
856 4 0 _uhttps://www.bgs.ac.uk
_zView the website free of charge at www.bgs.ac.uk
942 _n0
999 _c119576
_d119576